[Harry Potter Français] Matières enseignées dans les Ecoles de Magie - Statistiques

Statistiques générales
  • Ce quiz a été pris 1 790 fois
  • Le résultat moyen est 10 sur 22
Statistiques - réponses
Réponse % Correct
Potions
91%
Métamorphose
88%
Défense contre les forces du mal
86%
Vol
84%
Divination
83%
Sortilèges
83%
Botanique
77%
Astronomie
74%
Etude des Moldus
74%
Histoire de la magie
72%
Arithmancie
70%
Etude des Runes
64%
Alchimie
15%
Magizoologie
13%
Etude des Goules
12%
Médicomagie
12%
Occlumancie
8%
Club de Duel
6%
Art de la magie noire
5%
Arts Magiques
5%
Musique Magique
5%
Cuisine Magique
2%
Aucun quiz correspondant
Distribution des résultats
% des personnes avec chaque résultat
Percentile par nombre de réponses
Votre historique - résultats
Vous n’avez pas pris ce quiz